Normal view
MARC view
Entry Topical Term
001 - CONTROL NUMBER
- control field: 6625
003 - CONTROL NUMBER IDENTIFIER
- control field: dpl
005 - DATE AND TIME OF LATEST TRANSACTION
- control field: 20100805120801.0
008 - FIXED-LENGTH DATA ELEMENTS
- fixed length control field: 100805|||a|||||| | ||| d
040 ## - CATALOGING SOURCE
- Original cataloging agency: dpl
- Transcribing agency: dpl
150 ## - HEADING--TOPICAL TERM
- Topical term or geographic name as entry element: Pesticides-toxicology
670 ## - SOURCE DATA FOUND
- Source citation: Work cat.: (dpl)39129: Nagarajan, S. 6624, Pesticides toxicology /, 2009
670 ## - SOURCE DATA FOUND
- Source citation: Work cat.: (dpl)39129: Nagarajan, S. 6624, Pesticides toxicology /, 2009
